| 000 | 00311nam a2200109 4500 | ||
|---|---|---|---|
| 008 | 160623b xxu||||| |||| 00| 0 eng d | ||
| 100 |
_9697 _a Loney, S.L |
||
| 245 | _aThe Elements of Coordinate Geomentry | ||
| 260 |
_aN.D _b S.Chand & Com. _c1960 |
||
| 300 | _aThe Elements of Coordinate Geomentry | ||
| 942 |
_2ddc _cBK |
||
| 999 |
_c563 _d563 |
||